01470cam a2200325 a 4500001000800000005001700008008004100025010001700066020001500083020001800098035001200116040000900128050002400137082001500161111010100176245031700277260004400594300003200638440007200670500003500742504004100777650004700818650004600865650003100911655004600942700003100988700003001019700007901049710001601128208718920260505164417.0950425s1995 dcua b 100 0 eng  a 95017519  a0821333208 a9780821333204 a2087189 cIRDP00aHC79.E5bI5333 199400a363.762202 aInternational Conference on Environmentally Sustainable Developmentn(2nd :d1994 :cWorld Bank)14aThe human face of the urban environment :bproceedings of the second annual World Bank Conference on Environmentally Sustainable Development held at the National Academy of Sciences and the World Bank, Washington, D.C. September 19-21, 1994 /cIsmail Serageldin, Michael A. Cohen, K.C. Sivaramakrishnan, editors. aWashington, D.C. :bWorld Bank,cc1995. ax, 348 p. :bill. ;c28 cm. 0aEnvironmentally sustainable development proceedings series ;vno. 6 a"Sponsored by The World Bank." aIncludes bibliographical references. 0aSustainable urban developmentvCongresses. 0aPollutionxGovernment policyvCongresses. 0aHuman ecologyvCongresses. 7aConference papers and proceedings.2lcgft1 aSerageldin, Ismail,d1944-1 aCohen, Michael A.,d1944-1 aSivaramakrishnan, K. C.q(Kallidaikurichi Chidambarakrishnan),d1935-2015.2 aWorld Bank.